000 00518nam a2200169 a 4500
001 000047168
005 20201002053419.0
008 150130s2017 dr abc 000 0 spa d
020 _a9789945124248
040 _aDO-SdBNP
_bspa
_cBNPHU
082 _axxxx
_bxxxx
100 1 _aEspín Grullón, Rafael Antonio
_974941
245 1 0 _aMatemática 1 :
_bsecundaria /
_cRafael Antonio Espín Grullón.
260 _aSanto Domingo :
_bSusaeta,
_c2017.
300 _av. :
_bil., retrs. ;
_c29 cm.
590 _aInventariado, 2018/LP
999 _c46656
_d46656